ბათუმის შოთა რუსთაველის სახელმწიფო უნივერსიტეტის ბიბლიოთეკა

თბილისისა და მისი მიდამოების ტოპონიმია / (ბიბ.ჩანაწერი № 52921)

000 -ლიდერი
ფიქსირებული სიგრძის საკონტროლო ველი 01274nam a2200265Ia 4500
001 - საკონტროლო ნომერი
საკონტროლო ველი 19951
003 - საკონტროლო ნომრის იდენტიფიკატორი
საკონტროლო ველი GE_BSU
005 - ბოლო ოპერაციის თარიღი და დრო
საკონტროლო ველი 20200519230609.0
008 - ფიქსირებული სიგრძის მონაცემთა ელემენტები - ზოგადი ინფორმაცია
ფიქსირებული სიგრძის საკონტროლო ველი 181216s1978||||ge |||||||||||||| ||geo||
040 ## - კატალოგიზაციის წყარო
Transcribing agency GE_BSU
041 ## - ენის კოდი
Language code of text/sound track or separate title geo
080 ## - უნივერსალური ათობითი კლასიფიკაციის ინდექსი
Universal Decimal Classification number 811.353.1 + 910.14(479.22) ზ–34
100 ## - მთავარი ჩანაწერი - პიროვნების სახელი
Personal name ზარდალიშვილი, გრიგოლ
9 (RLIN) 8105
245 ## - ცნობა სათაურის შესახებ
Title თბილისისა და მისი მიდამოების ტოპონიმია /
Statement of responsibility, etc გრიგოლ ზარდალიშვილი ; რედ. ი. სიხარულიძე.
264 ## - წარმოების, გამოცემის, დისტრიბუციის და სხვა ცნობები
გამოცემის, წარმოების, დისტრიბუციის... ადგილი თბილისი :
გამოცემის, წარმოების, დისტრიბუციის... სახელწოდება თბილ. უნ-ტის გამ-ბა,
გამოცემის, წარმოების, დისტრიბუციის... თარიღი 1978.
300 ## - ფიზიკური აღწერა
Extent 87 გვ. ;
Dimensions 20სმ.
504 ## - BIBLIOGRAPHY, ETC. NOTE
Bibliography, etc ლიტ. სია : გვ. 86-87
653 ## - INDEX TERM--UNCONTROLLED
Uncontrolled term თბილისის ტოპონიმიკა
653 ## - INDEX TERM--UNCONTROLLED
Uncontrolled term თბილისისა და მისი მიდამოების ტოპონიმია
653 ## - INDEX TERM--UNCONTROLLED
Uncontrolled term ქართული ენა
700 ## - ADDED ENTRY--PERSONAL NAME
Personal name სიხარულიძე, ი.
Relator term რედაქტორი
9 (RLIN) 8106
710 ## - ADDED ENTRY--CORPORATE NAME
Corporate name or jurisdiction name as entry element საქ. სსრ ი. გოგებაშვილის სახ. პედ. საზ-ბა
9 (RLIN) 8107
942 ## - ADDED ENTRY ELEMENTS (KOHA)
Koha item type წიგნი
Source of classification or shelving scheme
ეგზემპლარები
ჩამოწერის სტატუსი დაკარგული ეგზემპლარის სტატუსი კლასიფიკაციის წყარო ან თაროზე გაწყობის სქემა დაზიანების სტატუსი არ გაიცემა მუდმივი მდებარეობა (დაცვის ადგილი) ამჟამინდელი ადგილსამყოფელი თაროზე განთავსების ადგილი შეძენის თარიღი ღირებულება, შესყიდვის ნორმალური ფასი სრული შენახვის შიფრი შტრიხკოდი ბოლო ოპერაციის თარიღი ეგზემპლარის მიმდევრობითი ნომერი (კეტერი?) ფასის ძალაში შესვლის თარიღი ეგზემპლარის სახეობა საჯარო შენიშვნა
          ბათუმის შოთა რუსთაველის სახელმწიფო უნივერსიტეტის მთავარი ბიბლიოთეკა ბათუმის შოთა რუსთაველის სახელმწიფო უნივერსიტეტის მთავარი ბიბლიოთეკა წიგნსაცავი 2018-12-17 0.20 811.353.1 + 910.14(479.22) ზ–34 52496 2018-12-17 52496 2018-12-17 წიგნი 0.20 ლ.